000 00412nam a2200157Ia 4500
008 210716s1993 xx 000 0 und d
020 _a8120308158
041 _aeng
082 _a621.395 BISN
100 _aBiswas, Nripendra N.
245 _aLogic design theory.
250 _a1
260 _aNew Delhi
_bPrentice Hall of India PVt Ltd.
_c1993
300 _axiii,306
650 _aLogic Design, VLSI(621.395)
999 _c182637
_d182637